书目信息 |
| 题名: |
党锢之祸
|
|
| 作者: | 蔡东藩, 著 | |
| 分册: | ||
| 出版信息: | 沈阳 万卷出版公司 2015.01 |
|
| 页数: | 245页 | |
| 开本: | 24cm | |
| 丛书名: | 历朝通俗演义 | |
| 单 册: | ||
| 中图分类: | I246.43 | |
| 科图分类: | ||
| 主题词: | 讲史小说--jiang shi xiao shuo--中国--现代 , 章回小说--zhang hui xiao shuo--中国--现代 , 长篇小说--chang pian xiao shuo--中国--现代 | |
| 电子资源: | ||
| ISBN: | 978-7-5470-3094-3 | |
| 000 | 01138nam 2200301 450 | |
| 001 | 0100195369 | |
| 005 | 20201116102839.32 | |
| 010 | @a978-7-5470-3094-3@dCNY36.00 | |
| 100 | @a20141204d2015 em y0chiy50 ea | |
| 101 | 0 | @achi |
| 102 | @aCN@b210000 | |
| 105 | @aa z 000ay | |
| 106 | @ar | |
| 200 | 1 | @a党锢之祸@Adang gu zhi huo@f蔡东藩著@Fcai dong fan zhu |
| 210 | @a沈阳@c万卷出版公司@d2015.01 | |
| 215 | @a245页@c图@d24cm | |
| 225 | 2 | @a历朝通俗演义@Ali chao tong su yan yi@e插图版@i后汉演义@v2 |
| 330 | @a却说司徒袁安, 郁郁告终, 汉廷失了一位元老, 都人士无不痛惜, 只有窦氏一门, 却称快意。也不长久了。太常丁鸿, 代袁安为司徒。鸿系经学名家, 砥砺廉隅, 为和帝所特拔。和帝年已十四, 也知窦氏专权自姿…… | |
| 410 | 0 | @12001 @a历朝通俗演义 (插图版)@i后汉演义@v2 |
| 540 | @a党锢之祸 | |
| 606 | 0 | @a讲史小说@Ajiang shi xiao shuo@y中国@z现代 |
| 606 | 0 | @a章回小说@Azhang hui xiao shuo@y中国@z现代 |
| 606 | 0 | @a长篇小说@Achang pian xiao shuo@y中国@z现代 |
| 690 | @aI246.43@v5 | |
| 701 | 0 | @a蔡东藩,@Acai dong fan@f1877-1945@4著 |
| 801 | @aCN | |
| 901 | @a18 | |
| 905 | @eC021@dI246.43@a河南城建学院图书馆@b1275505-7@f3 | |
| 党锢之祸/蔡东藩著.-沈阳:万卷出版公司,2015.01 |
| 245页:图;24cm.-(历朝通俗演义:插图版.后汉演义;2) |
| ISBN 978-7-5470-3094-3:CNY36.00 |
| 却说司徒袁安, 郁郁告终, 汉廷失了一位元老, 都人士无不痛惜, 只有窦氏一门, 却称快意。也不长久了。太常丁鸿, 代袁安为司徒。鸿系经学名家, 砥砺廉隅, 为和帝所特拔。和帝年已十四, 也知窦氏专权自姿…… |
| ● |
| 相关链接 |
|
|
|
正题名:党锢之祸
索取号:I246.43/C021
 
预约/预借
| 序号 | 登录号 | 条形码 | 馆藏地/架位号 | 状态 | 备注 |
| 1 | 1275505 | 212755057 | 文学库108/108文学库 24排1列2层/ [索取号:I246.43/C021] | 在馆 | |
| 2 | 1275506 | 212755064 | 文学库108/108文学库 24排1列2层/ [索取号:I246.43/C021] | 在馆 | |
| 3 | 1275507 | 212755071 | 文学库108/108文学库 24排1列2层/ [索取号:I246.43/C021] | 在馆 |